[Event "POHÁR města Říčany 2022"]
[Site "Městské kulturní středisko U labutě"]
[Date "2022.09.03"]
[Round "9.36"]
[White "Konvalinka, Vladislav"]
[Black "Kubicek, Daniel"]
[Result "1/2-1/2"]
[WhiteElo "1764"]
[BlackElo "1364"]
[PlyCount "0"]
[EventDate "2022.08.27"]

1. d4 f5 2. c4 c6 3. g3 d5 4. b3 e6 5. Bg2 Nf6 6. Nh3 Bd6 7. O-O O-O 8. Bf4 b6
9. Nd2 Bb7 10. cxd5 Nxd5 11. Be5 Nc3 12. Qe1 Bxe5 13. dxe5 Ba6 14. Nf4 Qd7
15. Nc4 Bxc4 16. Qxc3 Bd5 17. Rfd1 Re8 18. e4 fxe4 19. Bxe4 Qe7 20. Qd3 g6
21. Nh3 Nd7 22. Bxd5 Nxe5 23. Bxe6+ Qxe6 24. Nf4 Qg4 25. h3 Qxf4 26. gxf4 Nxd3
27. Rxd3 Rad8 28. Rad1 Rxd3 29. Rxd3 Kf7 30. Kg2 a5 31. Rd6 Re6 32. Rd7+ Re7
33. Rd6 Rc7 34. Kf3 Ke7 35. Rd3 b5 36. Ke4 Ke6 37. h4 b4 38. h5 Re7 39. hxg6
hxg6 40. Rg3 Kd6+ 41. Kd3 Re6 42. Rg5 Rf6 43. Ke4 c5 44. f3 Re6+ 45. Kd3 Rf6
1/2-1/2

[Event "POHÁR města Říčany 2022"]
[Site "Městské kulturní středisko U labutě"]
[Date "2022.09.03"]
[Round "9.37"]
[White "Zabehlicky, Jiri"]
[Black "Pechanek, Krystof Jan"]
[Result "1-0"]
[WhiteElo "1429"]
[BlackElo "1556"]
[PlyCount "0"]
[EventDate "2022.08.27"]

1. c4 Nf6 2. Nc3 e6 3. g3 d5 4. Bg2 Be7 5. e3 Nbd7 6. cxd5 exd5 7. Nxd5 Nxd5
8. Bxd5 Nc5 9. Bc4 Bf5 10. d4 Ne4 11. a3 c6 12. f3 Qa5+ 13. Bd2 Nxd2 14. Qxd2
Bb4 15. Qxb4 1-0

[Event "POHÁR města Říčany 2022"]
[Site "Městské kulturní středisko U labutě"]
[Date "2022.09.03"]
[Round "9.38"]
[White "Markina, Sofiia"]
[Black "Mach, Jan"]
[Result "1-0"]
[WhiteElo "1551"]
[BlackElo "1737"]
[PlyCount "0"]
[EventDate "2022.08.27"]

1. e4 d6 2. d4 Nf6 3. Nc3 g6 4. g3 Bg7 5. Bg2 O-O 6. Nf3 c6 7. O-O Nbd7 8. e5
dxe5 9. dxe5 Nd5 10. Nxd5 cxd5 11. Bf4 e6 12. c3 Nb6 13. Qc1 Qc7 14. Re1 Bd7
15. Bg5 f6 16. exf6 Bxf6 17. Bf4 Qc5 18. Re2 Rae8 19. Be5 Bxe5 20. Nxe5 Bb5
21. Re3 Nc4 22. Nxc4 Qxc4 23. Qe1 Bd7 24. Bh3 d4 25. cxd4 Qd5 26. Re5 Qc6 27. a3
Qf3 28. Bxe6+ Rxe6 29. Rxe6 Bc6 30. Rxc6 Qxc6 31. Qc3 Qf6 32. Qe3 Rd8 33. Rd1
Kf7 34. Qb3+ Qe6 35. Qxb7+ Rd7 36. Qf3+ Kg7 37. Qe3 Qd5 38. f4 Kf7 39. Qe5 Qf3
40. Re1 1-0